The Stamp Collector's Encyclopaedia (Record no. 850)
[ view plain ]
| 000 -LEADER | |
|---|---|
| fixed length control field | 00265nam a22001217a 4500 |
| 003 - CONTROL NUMBER IDENTIFIER | |
| control field | OSt |
| 008 - FIXED-LENGTH DATA ELEMENTS--GENERAL INFORMATION | |
| fixed length control field | 150215b xxu||||| |||| 00| 0 eng d |
| 041 ## - LANGUAGE CODE | |
| Language code of text/sound track or separate title | eng |
| 100 1# - MAIN ENTRY--PERSONAL NAME | |
| Personal name | Sutton, R J |
| 245 10 - TITLE STATEMENT | |
| Title | The Stamp Collector's Encyclopaedia |
| 260 ## - PUBLICATION, DISTRIBUTION, ETC. (IMPRINT) | |
| Name of publisher, distributor, etc. | 1956 |
| 300 ## - PHYSICAL DESCRIPTION | |
| Extent | 0 pages |
| Withdrawn status | Lost status | Damaged status | Not for loan | Permanent Location | Current Location | Date acquired | Total Checkouts | Date last seen | Price effective from | Koha item type | Source of classification or shelving scheme | Shelving location | Full call number | Barcode |
|---|---|---|---|---|---|---|---|---|---|---|---|---|---|---|
| Northern Philatelic Library | Northern Philatelic Library | 02/15/2015 | 06/28/2015 | 06/28/2015 | Books | |||||||||
| Northern Philatelic Library | Northern Philatelic Library | 11/06/2025 | 11/06/2025 | 11/06/2025 | Books | General Stacks | G3701 C697 S9672 | 1006186 |